Dawne miasta w województwie dolnośląskim - Statystyki

Ogólne statystyki
  • Ten quiz został rozwiązany 14 razy
  • Średni wynik to 11 z 51
Statystyki odpowiedzi
Obecny Status Miejscowość % Poprawnych
dzielnica Wrocławia Psie Pole
86%
dzielnica Boguszowa-Gorzec Boguszów
64%
dzielnica Boguszowa-Gorzec Gorce
64%
osiedle Wrocławia Leśnica
64%
dzielnica Wałbrzycha Biały Kamień
57%
opuszczona miejscowość Miedzianka
57%
wieś Chełmsko Śląskie
43%
wieś Wińsko
43%
osiedle Wrocławia Brochów
36%
wieś Cieszków
36%
wieś Lewin Kłodzki
36%
dzielnica Nowej Rudy Słupiec
36%
Dzielnica Wałbrzycha Sobięcin
36%
wieś Bolesławów
29%
wieś Borów
29%
wieś Chobienia
29%
wieś Dobroszyce
29%
wieś Rudna
29%
Dzielnica Jeleniej Góry Sobieszów
29%
wieś Srebrna Góra
29%
wieś Uraz
29%
wieś Dobromierz
21%
wieś Lubiąż
21%
wieś Sulików
21%
wies Sułów
21%
wieś Złotniki Lubańskie
21%
wieś Żórawina
21%
wieś Kostomłoty
14%
wieś Przeworno
14%
wieś Rusko
14%
wieś Cerekwica
7%
wieś Goszcz
7%
wieś Pobiedna
7%
wieś Porajów
7%
wieś Przyłęk
7%
wieś Radomierzyce
7%
wieś Ciechanowice
0%
wieś Czernina
0%
wieś Gaworzyce
0%
wieś Jędrzychów
0%
wieś Kliczków
0%
wieś Kozieniec
0%
wieś Krzydłowice
0%
wieś Kunów
0%
wieś Mikołajowice
0%
wieś Milin
0%
osada Radzimowice
0%
wieś Ryczeń
0%
wieś Stróża
0%
wieś Strupina
0%
wieś Wilczyn
0%
Nie znaleziono quizów pasujących do podanych kryteriów
Rozkład punktacji
Procent ludzi z każdym wynikiem
Percentyl według liczby udzielonych odpowiedzi
Twoja historia wyników
Nie rozwiązałeś tego quizu